000 01086nam a22002417a 4500
005 20170124103116.0
010 _aB-180785
020 _c250.00
_a8177410571
035 _aB-180785
037 _bCen Lib/Ret
040 _aDPL
_bHN
082 _a420
_bविश्वव्या
245 _aविश्व व्यापिनी भोजपुरी /
_cसंपादक राजेश्वरी शांडिल्य
246 _aVishv vyapak bhojapuri /
_bsampadak rajeshwari Shandilya
260 _aवाराणसी
_bसंजय बुक सेंटर
_c2004
270 _bवाराणसी
_aके.36/8 गोलघर
_e221001
300 _axi,271पृ.
_c19सेमी(सजिल्द )
500 _aसन्दर्भ सूची शामिल
650 _aभोजपुरी भाषाशास्त्र
_x
_z
_980855
650 _a Bhojpuri philology
_980856
700 _aशांडिल्य, राजेश्वरी
_943407
942 _2ddc
_cHN
_h420
_mविश्वव्या
999 _c118560
_d118560